000 00972nam a22002297a 4500
999 _c10997
_d10997
003 AR-CdUCM
008 190402b ||||| |||| 00| 0 spa d
040 _aMUNICIPALIDAD PROVINCIAL DEL CUSCO
_cBIBLIOTECA MUNICIPAL DEL CUSCO
082 _a869.56 /
_bC331R / 1947
100 _aCarvallo de Núñez, Carlota
_928103
245 _aRutsí, el pequeño alucinado /
260 _aLima :
_bDirección de Educación Artística y Extensión Cultural,
_c1947.
300 _a219 páginas ;
_bIlustraciones,
_c21 cm.
440 _aColección escolar Peruano
_928104
500 _aDonación de la familia Nieto. Libro Dañado, sin tapa delantera.
505 _aContenido: v.3: De cómo Rutsí salio de la selva -- Donde se cuenta su aventura en el aserradero -- Que trata de su llegada a las montañas y del encuentro con el pastor ...
650 _aCuentos peruanos
_97
650 _aCuentos Infantiles
_93830
650 _aSiglo XX
_98
942 _2ddc
_cLIBROS
945 _acmm